000 01189nam a22003017a 4500
005 20090626134742.0
008 090626t xxu||||| |||| 00| 0 eng d
010 _aENG-94253
020 _a9788180695377
_c650.00
020 _a8180695377
_c650.00
035 _aEN-77786
037 _bDBAD / PUB
040 _adpl
_bEnglish
082 _a327.1747095
100 _aMishra, Jita
245 _aThe NPT and the developing countries /
_cby Jita Mishra
260 _aNew Delhi
_bConcept Publishing
_c2008
270 _aA/15-16, Commercial Block, Mohan Garden,
_bNew Delhi
_e110059
300 _axiii, 242p.
_c23cm(Hb)
500 _aIncludes bibliographical references and index
650 _aTreaty on the Non-proliferation of Nuclear Weapons. (1968).
650 _aNuclear non-proliferation
650 _aNuclear weapons
_xGovernment policy
_zAsia
650 _aSecurity, International
_zAsia
651 _aAsia
_xForeign relations
942 _2ddc
_cEN
_mMIS
_h327.1747095
999 _c27916
_d27916